| 000 | 00900nam a22002057a 4500 | ||
|---|---|---|---|
| 999 |
_c17981 _d17981 |
||
| 003 | BDDh-ASL | ||
| 005 | 20231015025651.0 | ||
| 008 | 200916b1988 ||||| |||| 00| 0 d | ||
| 040 |
_aBDDh-ASL _cBDDh-ASL _dBDDh-ASL |
||
| 041 | _abengali | ||
| 082 |
_a297.1 _bGAS |
||
| 100 |
_9804 _aগাযালী, ইমাম |
||
| 245 | 1 |
_aসৌভাগ্যের পরশমণি/ _cইমামা গাযালী; আবদুল খালেক (অনু.)। |
|
| 246 | _aShowvagyer Parashmani. Volume-3 | ||
| 260 |
_aঢাকা: _bইসলামিক ফাউণ্ডেশন বাংলাদেশ, _c১৯৮৮। |
||
| 300 |
_a৩৯২ পৃষ্ঠা: _c২২ সে.মি.। |
||
| 650 | 0 |
_9798 _aইসলামিক সমাজ ব্যবস্থা _xইসলাম ধর্ম |
|
| 700 | 0 |
_9805 _aখালেক, আবদুল |
|
| 942 |
_2ddc _cBK |
||